Studies in Indo-European textile history, (Record no. 80675)

MARC details
000 -LEADER
fixed length control field 00762cam a22002531 4500
001 - CONTROL NUMBER
control field sa 68005346
003 - CONTROL NUMBER IDENTIFIER
control field DLC
005 - DATE AND TIME OF LATEST TRANSACTION
control field 20260227112508.0
008 - FIXED-LENGTH DATA ELEMENTS--GENERAL INFORMATION
fixed length control field 710915s1966 ii ab b 00010 eng
010 ## - LIBRARY OF CONGRESS CONTROL NUMBER
LC control number sa 68005346 //r90
025 ## - OVERSEAS ACQUISITION NUMBER
Overseas acquisition number PL480:I-E-9710
040 ## - CATALOGING SOURCE
Original cataloging agency DLC
Transcribing agency DLC
Modifying agency DLC
043 ## - GEOGRAPHIC AREA CODE
Geographic area code a-ii---
050 00 - LIBRARY OF CONGRESS CALL NUMBER
Classification number TS1403
Item number .I7
082 00 - DEWEY DECIMAL CLASSIFICATION NUMBER
Classification number 382/.45/677
100 10 - MAIN ENTRY--PERSONAL NAME
Personal name Irwin, John,
Dates associated with a name 1917-
245 10 - TITLE STATEMENT
Title Studies in Indo-European textile history,
Statement of responsibility, etc. by John Irwin and P. R. Schwartz.
260 0# - PUBLICATION, DISTRIBUTION, ETC.
Place of publication, distribution, etc. Ahmedabad,
Name of publisher, distributor, etc. Calico Museum of Textile,
Date of publication, distribution, etc. 1966.
300 ## - PHYSICAL DESCRIPTION
Extent iii, 8-124 p.
Other physical details col. illus., maps.
Dimensions 25 cm.
350 ## - PRICE (NR) (BK AM CF MU VM SE) [OBSOLETE]
Price Rs30
504 ## - BIBLIOGRAPHY, ETC. NOTE
Bibliography, etc. note Bibliographical footnotes.
650 #0 - SUBJECT ADDED ENTRY--TOPICAL TERM
Topical term or geographic name entry element Textile fabrics
Geographic subdivision India
General subdivision History.
700 10 - ADDED ENTRY--PERSONAL NAME
Personal name Schwartz, P. R.,
Relator term joint author.

No items available.

Powered by Koha